00821nam a22002177a 450000500170000001000140001702000270003103500130005803700130007108200140008410000300009824501020012826000410023027000490027130000260032050000490034670000220039594200280041799900170044595201410046220100731125425.0 aENG-97458 a9788184840513c1080.00 aEN-80991 bDBAD/PUB a330.95452 aTiwari, Ashok Kumar93790 aInfrastructure for sustainable rural development:cby Ashok Kumar Tiwari; foreword by H.S. Parmar aNew Delhi bRegal Publicationsc2010 aF-159, Rajouri Garden, bNew Delhi e110 027 axi, 273p.c22 cm (Hb) aIncludes bibliagaphical references and index aParmar,H.S.93211 2ddccENh330.95452mTIW c38403d38403 001040718NFICaDBADbDBADd2010-07-31eDBAD/PUBg1080.00l0o330.95452 TIWpEN-80991r2010-07-31 00:00:00t1v1080.00w2010-07-31yEN